Constitution of India professional ethics and human rights (Record no. 240889)

MARC details
000 -LEADER
fixed length control field 01655nam a22002537a 4500
005 - DATE AND TIME OF LATEST TRANSACTION
control field 20260212115706.0
008 - FIXED-LENGTH DATA ELEMENTS--GENERAL INFORMATION
fixed length control field 260212b |||||||| |||| 00| 0 eng d
020 ## - INTERNATIONAL STANDARD BOOK NUMBER
International Standard Book Number 9789386668479
040 ## - CATALOGING SOURCE
Transcribing agency AL
041 ## - LANGUAGE CODE
Language code of text/sound track or separate title English
082 ## - DEWEY DECIMAL CLASSIFICATION NUMBER
Classification number 342.54
Item number SINC
100 ## - MAIN ENTRY--PERSONAL NAME
Personal name Shubham Singla ;[et.al]
100 ## - MAIN ENTRY--PERSONAL NAME
9 (RLIN) 254526
245 ## - TITLE STATEMENT
Title Constitution of India professional ethics and human rights
260 ## - PUBLICATION, DISTRIBUTION, ETC.
Place of publication, distribution, etc. Australia
Name of publisher, distributor, etc. Cengage learning India Pvt.Ltd
Date of publication, distribution, etc. 2019
300 ## - PHYSICAL DESCRIPTION
Extent 304 p.
Other physical details PB
Dimensions 24x18 cm.
365 ## - TRADE PRICE
Price type code MAA4-5216326
Price amount ₹375.00
Currency code
Unit of pricing ₹375.00
Price effective from 29-01-2026
520 ## - SUMMARY, ETC.
Summary, etc. Constitution of India, Professional Ethics and Human Rights is a fundamental book for all those who are seeking to learn about the Constitution of India, identify individual role and ethical responsibility towards society, and understand basic human rights in India and their implications. This book caters to students who are preparing for all types of State/National/Public sector examinations and all other general competitive examinations. At the end of chapters, practice questions with answer keys are given. The concepts are explained in simple and lucid manner for easy understanding of the students and with the perspective of taking up all upcoming competitive examinations. The book ensures coverage of the syllabus in entirety with newly inserted topics about professional ethics/integrity/engineering standards and intellectual property rights (IPR) information......
650 ## - SUBJECT ADDED ENTRY--TOPICAL TERM
Topical term or geographic name entry element Constitution
9 (RLIN) 254524
650 ## - SUBJECT ADDED ENTRY--TOPICAL TERM
Topical term or geographic name entry element Human rights
9 (RLIN) 254525
700 ## - ADDED ENTRY--PERSONAL NAME
Personal name Harris,Charles E
9 (RLIN) 254527
700 ## - ADDED ENTRY--PERSONAL NAME
Personal name Pritchard,Michael S
9 (RLIN) 254528
700 ## - ADDED ENTRY--PERSONAL NAME
Personal name Rabins,Michael J
9 (RLIN) 254529
942 ## - ADDED ENTRY ELEMENTS (KOHA)
Source of classification or shelving scheme Dewey Decimal Classification
Koha item type Book
Holdings
Withdrawn status Lost status Source of classification or shelving scheme Damaged status Not for loan Collection code Home library Current library Date acquired Source of acquisition Cost, normal purchase price Total Checkouts Full call number Barcode Date last seen Cost, replacement price Price effective from Koha item type
    Dewey Decimal Classification     General St Aloysius Engineering Library St Aloysius Engineering Library 01/29/2026 amazon.in 375.00   342.54 SINC SE000197 02/12/2026 375.00 01/29/2026 Book